000 00796cam a22002651 4500
001 sa 67002881
003 DLC
005 20260227112334.0
008 870413s1966 ii ac 000 0 hin
010 _asa 67002881
035 _a(OCoLC)15525733
040 _aDLC
_cNRU
_dNRU
_dDLC
042 _apremarc
043 _aa-ii---
_aa-pk---
050 0 0 _aDS384
_b.R34
100 1 _aRatūṛī, Vīrendra Mohana.
245 1 0 _aHamāre bahādura havb̄āza.
_c[Lekhaka] Vīrendra Mohana Ratūṛī.
250 _a[1. saṃskaraṇa]
260 _aDillī,
_bUmeśa Prakāśana
_c[1966]
300 _a96 p.
_billus., ports.
_c22 cm.
490 0 _aSāhasī vīra-gāthā-mālā,
_vkrama 4
500 _aIn Hindi.
610 1 0 _aIndia.
_bIndian Air Force.
650 0 _aIndia-Pakistan Conflict, 1965.
999 _c73499
_d73499